Law of rent control in Delhi / (Record no. 91696)

MARC details
000 -LEADER
fixed length control field 00673nam a22002177a 4500
005 - DATE AND TIME OF LATEST TRANSACTION
control field 20150323111433.0
010 ## - LCCN (DPL NO)
LC control number ENG-112222
020 ## - INTERNATIONAL STANDARD BOOK NUMBER
International Standard Book Number 9789350354780
Terms of availability 1295.00
035 ## - SYSTEM CONTROL NUMBER
System control number EN-95754
037 ## - SOURCE OF ACQUISITION
Source of stock number/acquisition DBAD/PUB
082 ## - DEWEY DECIMAL CLASSIFICATION NUMBER
Classification number 346.54016
100 ## - MAIN ENTRY--PERSONAL NAME
Personal name Dial, Rameshwar
245 ## - TITLE STATEMENT
Title Law of rent control in Delhi /
Statement of responsibility, etc by Rameshwar Dial [and] Adarsh B. Dial ; foreworded by Yogeshwar Dayal
250 ## - EDITION STATEMENT
Edition statement 3rd ed
260 ## - PUBLICATION, DISTRIBUTION, ETC. (IMPRINT)
Place of publication, distribution, etc Delhi
Name of publisher, distributor, etc Universal Law Publishing
Date of publication, distribution, etc 2014
270 ## - ADDRESS
Address A-58, G.T. Karnal Road Industrial Area,
City Delhi
Postal code 110033
300 ## - PHYSICAL DESCRIPTION
Extent cxxiv,855p.
Dimensions 25cm(Hb)
500 ## - GENERAL NOTE
General note Includes index
700 ## - ADDED ENTRY--PERSONAL NAME
Personal name Dial, Adarsh B.
942 ## - ADDED ENTRY ELEMENTS (KOHA)
Source of classification or shelving scheme Dewey Decimal Classification
Item type English Books
Call number suffix 346.54016
Classification part DIA
Holdings
Withdrawn status Lost status Not for loan Collection code Home library Current library Date acquired Source of acquisition Cost, normal purchase price Full call number Barcode Copy number Cost, replacement price Koha item type
    Not For Loan Non-fiction D.B.Act.Division D.B.Act.Division 23/02/2015 DBAD/PUB 1295.00 346.54016 DIA EN-95754 1 1295.00 English Books

© Delhi Public Library
Hit Counter
free hit counter